000 00595nam a22002177a 4500
001 2773628
003 GBCCL
005 20241126110339.0
008 810610|1981 ||| 000 0 eng
010 _a 80069797
020 _a0960546405 (pbk.) :
_c$4.95
040 _aDLC
_cDLC
_dDLC
082 _a227.3
_bBER
100 1 _aBerg, Mel
245 1 4 _aThe thorn in the flesh /
_cMel Berg.
260 _aDenver, Colo. :
_bAlpha and Omega Books,
_cc1981.
300 _a217 p. : ill. ; 21 cm.
650 _22 CORINTHIANS
906 _a7
_bcbc
_corignew
_d4
_eopcn
_f19
_gy-gencatlg
942 _2ddc
_cBK
_02
999 _c489
_d489